Informatická typológia dokumentov východiská, problémy, postupy
Salvato in:
| Autore principale: | |
|---|---|
| Natura: | Libro |
| Lingua: | slovacco |
| Pubblicazione: |
Martin
Matica slovenská
1981
|
| Serie: | Teória a výskum
|
| Tags: |
Nessun Tag, puoi essere il primo ad aggiungerne!!
|
MARC
| LEADER | 00000nam a2200000 4500 | ||
|---|---|---|---|
| 001 | c127778 | ||
| 005 | 20221220101932.6 | ||
| 041 | 0 | |a slo | |
| 044 | |a SK | ||
| 245 | 1 | 0 | |a Informatická typológia dokumentov |b východiská, problémy, postupy |c Marta Nováková |
| 264 | 1 | |a Martin |b Matica slovenská |c 1981 | |
| 300 | |a 242 s. | ||
| 490 | 1 | |a Teória a výskum | |
| 830 | 0 | |a Teória a výskum | |
| 100 | 1 | |a Nováková, Marta | |